| 000 | 00477nam a2200205Ia 4500 | ||
|---|---|---|---|
| 008 | 210210b2011 xxu||||| |||| 00| 0 eng d | ||
| 020 | _a9788130918846 | ||
| 041 | _aeng | ||
| 082 | _a820.9 BLOD | ||
| 100 | _aBLOOM (Harold) Ed | ||
| 245 | _aDante: the divine comedy | ||
| 260 |
_aNew Delhi _bViva books _c2011 |
||
| 300 | _aviii,175 | ||
| 650 | _athe | ||
| 650 | _adivine | ||
| 650 | _aDantes: | ||
| 650 | _acomedy | ||
| 690 | _aEnglish Criticism | ||
| 906 | _a066785 | ||
| 999 |
_c149262 _d149262 |
||